000 00460cam a2200181ua 4500
041 _aeng
_h
082 _a941
_bRIC/HI
100 _aRickard, A .
245 _aHistory of England /
_cRickard A.
_hTextual Documents
250 _a11 /
_b.
260 _aNew York :
_bBarnes & Noble ,
_c1960.
300 _a260 ; .
440 0 _aCollege Outline Series,
_v
_x;
490 0 _aCollege Outline Series,
_v
_x;
504 _a
942 _cBK
999 _c6226
_d6226